Biggest cities once part of the Tarascan/Purépecha empire - Statistics

General Stats
  • This quiz has been taken 18 times
  • The average score is 3 of 10
Answer Stats
Population City % Correct
1,3 mil Guadalajara
100%
452K Irapuato
33%
743K Morelia
33%
650K Tlaquepaque
33%
442K Tonala
33%
299K Uruapan
33%
154K Zamora
33%
1,2 mil Zapopan
33%
378K Celaya
0%
160K Salamanca
0%
No matching quizzes found
Score Distribution
Percent of People with Each Score
Percentile by Number Answered
Your Score History
You have not taken this quiz